Normal view
MARC view
- Athira T
Entry Personal Name
001 - CONTROL NUMBER
- control field: 3722
003 - CONTROL NUMBER IDENTIFIER
- control field: OSt
005 - DATE AND TIME OF LATEST TRANSACTION
- control field: 20181015102339.0
008 - FIXED-LENGTH DATA ELEMENTS
- fixed length control field: 181015|| aca||aabn | a|a d
040 ## - CATALOGING SOURCE
- Original cataloging agency: OSt
- Transcribing agency: OSt
100 ## - HEADING--PERSONAL NAME
- Personal name: Athira T
670 ## - SOURCE DATA FOUND
- Source citation: Work cat.: (OSt)15167: ARJUN PRAKASH K. V 3594, Improvement of roof water purification system
